000 01082nam a2200217 i 4500
001 156190
003 ES-MaACL
005 20230906210336.0
008 020417s1884 sp |||| | spa d
040 _aCAM
_bspa
_cCAM
100 1 _aJackson Veyán, José.
_965824
245 1 1 _a¡Viva mi tierra!
_b: potpourrit fantástico - cómico - histórico - lírico - político bailable, en dos actos y once cuadros, en prosa y verso /
_coriginal de José Jackson Veyan y José de la Cuesta; música de los maestros A. Rubio y C. Espino.
260 _aMadrid :
_b[s.n.],
_c1884 (
_festablecimiento tipográfico de M.P. Montoya y Compañía)
300 _a54 p. ;
_c20 cm.
500 _aEstrenado en el Teatro y Circo del Príncipe Alfonso, en la noche del 31 de julio de 1884.
596 _aEn verso de antep. consta: "... de la Biblioteca Lírico-dramática de Enrique Arregui ..."
700 1 1 _aCuesta, José de la.
_9126662
700 0 _aRubio, Angel.
_9100337
700 1 _aEspino, Casimiro.
_9126964
852 _aES-MaACL
_jF-4096(3)
_z-- Enc. hol.
_q-- Falto de la cub. original
999 _c156190
_d156190